[Event "CZE-chT2F 2122"]
[Site "Czech Republic"]
[Date "2022.02.13"]
[Round "8.2"]
[White "Polok, Kacper"]
[Black "Kicmer, Petr"]
[Result "1-0"]
[WhiteElo "2225"]
[BlackElo "2187"]
[PlyCount "86"]
[EventDate "2021.10.17"]
[EventType "team-tourn"]
[EventRounds "11"]
[EventCountry "CZE"]
[SourceTitle "EXT 2024"]
[Source "ChessBase"]
[SourceDate "2023.10.10"]
[SourceVersion "1"]
[SourceVersionDate "2023.10.10"]
[SourceQuality "1"]
[WhiteTeam "Havirov Slovan"]
[BlackTeam "Havirov Banik"]
[WhiteTeamCountry "CZE"]
[BlackTeamCountry "CZE"]

1. e4 Nf6 2. e5 Nd5 3. d4 d6 4. Bc4 c6 5. Nf3 Bf5 6. 0-0 e6 7. Bd3 Bg4 8. h3 Bh5 9. Be2 Nd7 10. c4 Bxf3 11. Bxf3 N5b6 12. Qe2 dxe5 13. dxe5 Qh4 14. b3 Bc5 15. Bb2 Bd4 16. Rd1 Bxb2 17. Qxb2 Qg5 18. Re1 Rd8 19. Qe2 0-0 20. b4 Qf4 21. Na3 Qd4 22. c5 Qxb4 23. cxb6 Qxa3 24. bxa7 Qxa7 25. a4 Nc5 26. Be4 Rd4 27. Bc2 Rfd8 28. a5 Nd3 29. Bxd3 Rxd3 30. a6 bxa6 31. Ra5 Rd2 32. Qe3 Qb7 33. Ra4 Qb5 34. Rg4 a5 35. Qh6 g6 36. Rh4 Qd5 37. Qxh7+ Kf8 38. Rf4 Qd7 39. Re3 Rd4 40. Qh8+ Ke7 41. Rxf7+ Kxf7 42. Rf3+ Ke7 43. Qg7+ Ke8 1-0

[Event "CZE-ch Betsys Online Blitz"]
[Site "Chess.com INT"]
[Date "2021.04.17"]
[Round "9"]
[White "Horak, Jan"]
[Black "Kicmer, Petr"]
[Result "1-0"]
[WhiteElo "2072"]
[BlackElo "2187"]
[PlyCount "185"]
[EventDate "2021.04.17"]
[EventType "swiss (blitz)"]
[EventRounds "13"]
[EventCountry "CZE"]
[SourceTitle "CBM 201 Extra"]
[Source "ChessBase"]
[SourceDate "2021.05.31"]
[SourceVersion "1"]
[SourceVersionDate "2021.05.31"]
[SourceQuality "1"]

1. e4 c6 2. d4 d5 3. Nc3 dxe4 4. Nxe4 Bf5 5. Ng3 Bg6 6. Nh3 Nd7 7. Nf4 e5 8. Nxg6 hxg6 9. Bc4 Nb6 10. Bb3 Qxd4 11. Qxd4 exd4 12. 0-0 Nf6 13. Bg5 Be7 14. Rad1 c5 15. a4 Rd8 16. a5 Nbd5 17. Rfe1 Kf8 18. Bc4 Nh5 19. Bxd5 Bxg5 20. Bxb7 Nf4 21. Ne4 Be7 22. Nd2 Bd6 23. Nc4 Bc7 24. a6 Ne6 25. Re4 Bxh2+ 26. Kf1 Bc7 27. g3 Ng5 28. Rg4 f6 29. Kg2 Kf7 30. b3 Rh5 31. Rh4 Rdh8 32. Rxh5 gxh5 33. Na3 h4 34. Nb5 Bb8 35. b4 hxg3 36. fxg3 Rh3 37. Rd3 c4 38. Rxd4 Rxg3+ 39. Kf2 Nh3+ 40. Ke2 Rg2+ 41. Kd1 Rg1+ 42. Kd2 Bf4+ 43. Kc3 Rg3+ 44. Kxc4 Be5 45. Rd7+ Ke8 46. Bc6 Kf8 47. Rxa7 Nf2 48. Ra8+ Ke7 49. Ra7+ Kd8 50. Ra8+ Ke7 51. a7 Rg4+ 52. Kb3 Rg3+ 53. Ka4 Rg1 54. Re8+ Kf7 55. a8Q Ra1+ 56. Kb3 Rxa8 57. Rxa8 Nd1 58. Bd5+ Kg6 59. Rg8 Ne3 60. Be4+ Kf7 61. Rc8 f5 62. Bd5+ Kf6 63. Bf3 g5 64. c4 g4 65. Bxg4 fxg4 66. Rg8 Kf5 67. c5 g3 68. c6 Ke6 69. c7 Bxc7 70. Nxc7+ Kd7 71. Rxg3 Nf5 72. Rg5 Nd4+ 73. Kc4 Nf3 74. Rg7+ Kc6 75. Ne6 Ne5+ 76. Kd4 Nf3+ 77. Ke3 Ne5 78. Nd4+ Kb6 79. b5 Nc4+ 80. Ke4 Na3 81. Kd5 Nb1 82. Rg6+ Kb7 83. Rg7+ Kb6 84. Rg6+ Kb7 85. b6 Nc3+ 86. Kc4 Ne4 87. Nb5 Nd2+ 88. Kd3 Ne4 89. Kxe4 Ka6 90. Kd5 Kxb5 91. b7 Ka5 92. b8Q Ka4 93. Ra6# 1-0

[Event "CZE-ch Betsys Online Blitz"]
[Site "Chess.com INT"]
[Date "2021.04.17"]
[Round "3"]
[White "Kicmer, Petr"]
[Black "Hollan, Petr"]
[Result "0-1"]
[WhiteElo "2187"]
[BlackElo "2275"]
[PlyCount "38"]
[EventDate "2021.04.17"]
[EventType "swiss (blitz)"]
[EventRounds "13"]
[EventCountry "CZE"]
[SourceTitle "CBM 201 Extra"]
[Source "ChessBase"]
[SourceDate "2021.05.31"]
[SourceVersion "1"]
[SourceVersionDate "2021.05.31"]
[SourceQuality "1"]

1. d4 Nf6 2. Nf3 e6 3. c4 c5 4. d5 exd5 5. cxd5 d6 6. Nc3 g6 7. a4 Bg7 8. Nd2 0-0 9. e4 b6 10. Be2 Ba6 11. 0-0 Re8 12. Bb5 Bxb5 13. axb5 Nbd7 14. f4 Nh5 15. Nc4 Bd4+ 16. Kh1 Qh4 17. Qf3 Ndf6 18. Bd2 Ng4 19. h3 Ng3+ 0-1

[Event "CZE-chT2F 1516"]
[Site "Czech Republic"]
[Date "2015.11.08"]
[Round "2.13"]
[White "Kicmer, Petr"]
[Black "Sojka, Ales"]
[Result "1-0"]
[WhiteElo "2206"]
[BlackElo "2142"]
[PlyCount "41"]
[EventDate "2015.10.18"]
[EventType "team-tourn"]
[EventRounds "11"]
[EventCountry "CZE"]
[SourceTitle "EXT 2022"]
[Source "ChessBase"]
[SourceDate "2021.10.06"]
[SourceVersion "1"]
[SourceVersionDate "2021.10.06"]
[SourceQuality "1"]
[WhiteTeam "Havirov Banik"]
[BlackTeam "Kromeriz Slavia II"]
[WhiteTeamCountry "CZE"]
[BlackTeamCountry "CZE"]

1. c4 e5 2. Nc3 d6 3. d4 Nd7 4. e4 Ngf6 5. f4 Be7 6. Nf3 0-0 7. Be2 c6 8. 0-0 exd4 9. Nxd4 Nc5 10. Bf3 a5 11. Be3 Qc7 12. g4 Be6 13. Qe2 Rad8 14. g5 Ne8 15. f5 Bc8 16. Kh1 d5 17. exd5 Nd6 18. f6 gxf6 19. dxc6 bxc6 20. Nxc6 Nf5 21. gxf6 1-0

[Event "CZE-chT2F 1415"]
[Site "Czech Republic"]
[Date "2014.11.16"]
[Round "2.21"]
[White "Kicmer, Petr"]
[Black "Vesely, Libor"]
[Result "0-1"]
[WhiteElo "2235"]
[BlackElo "2197"]
[PlyCount "78"]
[EventDate "2014.11.02"]
[EventType "team-tourn"]
[EventRounds "11"]
[EventCountry "CZE"]
[SourceTitle "EXT 2022"]
[Source "ChessBase"]
[SourceDate "2021.10.06"]
[SourceVersion "1"]
[SourceVersionDate "2021.10.06"]
[SourceQuality "1"]
[WhiteTeam "Havirov Banik"]
[BlackTeam "Poruba Slavoj II"]
[WhiteTeamCountry "CZE"]
[BlackTeamCountry "CZE"]

1. c4 e5 2. Nc3 Nc6 3. Nf3 g6 4. e3 Bg7 5. d4 d6 6. Be2 f5 7. dxe5 Nxe5 8. e4 Ne7 9. c5 fxe4 10. Nxe4 d5 11. Bb5+ Bd7 12. Bxd7+ Qxd7 13. Nxe5 Bxe5 14. Ng5 0-0 15. 0-0 Bf6 16. Ne4 Bg7 17. Ng5 Rae8 18. Nf3 Nf5 19. Qd3 Qc6 20. Bd2 Qxc5 21. Qb3 Nd6 22. Bb4 Qc4 23. Bxd6 Qxb3 24. axb3 cxd6 25. Rxa7 Rf7 26. Rd1 Re2 27. Rxd5 Rxb2 28. h3 Rxb3 29. Nd2 Rb6 30. Ne4 Rb1+ 31. Kh2 Be5+ 32. g3 Rb4 33. Nxd6 Rxf2+ 34. Kg1 Rc2 35. Ra8+ Kg7 36. Ne8+ Kh6 37. Rd1 Rbb2 38. Ra3 Bd4+ 39. Kf1 Rf2+ 0-1

[Event "CZE-chT2F 1314"]
[Site "Czech Republic"]
[Date "2014.03.02"]
[Round "9.13"]
[White "Zvardon, Petr"]
[Black "Kicmer, Petr"]
[Result "1/2-1/2"]
[WhiteElo "2034"]
[BlackElo "2221"]
[PlyCount "40"]
[EventDate "2013.11.03"]
[EventType "team-tourn"]
[EventRounds "11"]
[EventCountry "CZE"]
[SourceTitle "EXT 2016"]
[Source "ChessBase"]
[SourceDate "2015.10.08"]
[SourceVersion "1"]
[SourceVersionDate "2015.10.08"]
[SourceQuality "1"]
[WhiteTeam "Hostalkova"]
[BlackTeam "Havirov Banik"]
[WhiteTeamCountry "CZE"]
[BlackTeamCountry "CZE"]

1. Nf3 Nc6 2. g3 e5 3. d3 d5 4. Bg2 Nf6 5. 0-0 Be7 6. c3 0-0 7. Nbd2 Bg4 8. h3 Be6 9. b4 a6 10. Bb2 Ne8 11. e4 dxe4 12. dxe4 Nd6 13. Qe2 b5 14. Rfd1 Qc8 15. Kh2 Nc4 16. Nxc4 Bxc4 17. Qc2 Qe6 18. Nd2 Be2 19. Re1 Bh5 20. a3 Rad8 1/2-1/2

[Event "CZE-chT2F 1314"]
[Site "Czech Republic"]
[Date "2013.11.03"]
[Round "1.12"]
[White "Kicmer, Petr"]
[Black "Krcal, Michal"]
[Result "1/2-1/2"]
[WhiteElo "2221"]
[BlackElo "2212"]
[PlyCount "104"]
[EventDate "2013.11.03"]
[EventType "team-tourn"]
[EventRounds "11"]
[EventCountry "CZE"]
[SourceTitle "EXT 2016"]
[Source "ChessBase"]
[SourceDate "2015.10.08"]
[SourceVersion "1"]
[SourceVersionDate "2015.10.08"]
[SourceQuality "1"]
[WhiteTeam "Havirov Banik"]
[BlackTeam "Zlin II"]
[WhiteTeamCountry "CZE"]
[BlackTeamCountry "CZE"]

1. c4 Nf6 2. g3 g6 3. Bg2 d5 4. cxd5 Nxd5 5. Qa4+ c6 6. Nf3 Bg7 7. 0-0 0-0 8. Nc3 e5 9. Rd1 Nb6 10. Qc2 Na6 11. d3 Qe7 12. Be3 Nd5 13. Bd2 h6 14. a3 Be6 15. e4 Nb6 16. b4 Rac8 17. Re1 Rfd8 18. Be3 c5 19. Qb1 cxb4 20. Nb5 Na4 21. axb4 Nc3 22. Nxc3 Rxc3 23. Bf1 Rb3 24. Qd1 Nxb4 25. Rxa7 Nxd3 26. Bxd3 Rbxd3 27. Qc1 Qf6 28. Nd2 b5 29. Kg2 Bf8 30. Nf3 Bh3+ 31. Kxh3 Qxf3 32. Qc7 g5 33. Qxe5 b4 34. Qf5 Qxf5+ 35. exf5 Rb8 36. Rb1 b3 37. f6 Bd6 38. Rd7 Rc8 39. Rb7 Rcc3 40. Rb6 Kh7 41. Kg2 Kg6 42. Kf1 Ba3 43. Ke2 b2 44. Bd2 Rb3 45. Rc6 Kf5 46. h3 Bd6 47. Rxb2 Rxb2 48. Kxd3 Be5 49. g4+ Kg6 50. Be3 Rb3+ 51. Ke4 Bb2 52. f4 Rb4+ 1/2-1/2

[Event "CZE-chT2F 1213"]
[Site "Czech Republic"]
[Date "2013.03.03"]
[Round "10.62"]
[White "Jaworski, Miroslaw"]
[Black "Kicmer, Petr"]
[Result "1/2-1/2"]
[WhiteElo "2299"]
[BlackElo "2222"]
[PlyCount "52"]
[EventDate "2012.10.14"]
[EventType "team-tourn"]
[EventRounds "11"]
[EventCountry "CZE"]
[SourceTitle "EXT 2016"]
[Source "ChessBase"]
[SourceDate "2015.10.08"]
[SourceVersion "1"]
[SourceVersionDate "2015.10.08"]
[SourceQuality "1"]
[WhiteTeam "Ostrava Labortech II"]
[BlackTeam "Havirov Banik"]
[WhiteTeamCountry "CZE"]
[BlackTeamCountry "CZE"]

1. d4 e6 2. c4 Bb4+ 3. Bd2 a5 4. Nf3 Nf6 5. g3 b6 6. Bg2 Bb7 7. 0-0 0-0 8. Bf4 Nh5 9. Bc1 Nf6 10. c5 a4 11. a3 Ba5 12. Qxa4 bxc5 13. dxc5 d6 14. cxd6 cxd6 15. b4 Bb6 16. Qd1 Nc6 17. Bb2 Qe7 18. Nbd2 d5 19. Ne5 Nxe5 20. Bxe5 Ng4 21. Bb2 f5 22. Nf3 f4 23. Nd4 Bxd4 24. Qxd4 e5 25. Qc5 Qf6 26. h3 Rfc8 1/2-1/2

[Event "CZE-chT2F 1213"]
[Site "Czech Republic"]
[Date "2013.02.17"]
[Round "9.12"]
[White "Slanina, Miroslav"]
[Black "Kicmer, Petr"]
[Result "1/2-1/2"]
[WhiteElo "2153"]
[BlackElo "2222"]
[PlyCount "81"]
[EventDate "2012.10.14"]
[EventType "team-tourn"]
[EventRounds "11"]
[EventCountry "CZE"]
[SourceTitle "EXT 2016"]
[Source "ChessBase"]
[SourceDate "2015.10.08"]
[SourceVersion "1"]
[SourceVersionDate "2015.10.08"]
[SourceQuality "1"]
[WhiteTeam "Dobra"]
[BlackTeam "Havirov Banik"]
[WhiteTeamCountry "CZE"]
[BlackTeamCountry "CZE"]

1. d4 Nf6 2. Nf3 e6 3. Bf4 b6 4. e3 Bb7 5. Be2 Be7 6. h3 0-0 7. Nbd2 d5 8. 0-0 c5 9. c3 Nc6 10. Ne5 Nd7 11. Nxd7 Qxd7 12. Bd3 Bd6 13. Qg4 Bxf4 14. Qxf4 f6 15. Qh4 g6 16. f4 a6 17. Nf3 Rae8 18. Rf2 Qg7 19. Raf1 Nb8 20. g4 Nd7 21. g5 Bc6 22. Bb1 Bb5 23. Re1 f5 24. Qg3 Kf7 25. h4 Ke7 26. Rh2 h5 27. gxh6 Qxh6 28. Kf2 Qh5 29. Rg2 Nf6 30. Ne5 Kd6 31. Qg5 Qh7 32. Nxg6 Rf7 33. Ne5 Rg8 34. Nxf7+ Qxf7 35. Qh6 Ng4+ 36. Rxg4 Rxg4 37. Rg1 Qg8 38. Rxg4 Qxg4 39. Qf8+ Kd7 40. Qf7+ Kd6 41. Qf8+ 1/2-1/2

[Event "CZE-chT2F 1213"]
[Site "Czech Republic"]
[Date "2013.01.06"]
[Round "6.51"]
[White "Krzyzanowski, Marcin"]
[Black "Kicmer, Petr"]
[Result "1-0"]
[WhiteElo "2357"]
[BlackElo "2222"]
[PlyCount "85"]
[EventDate "2012.10.14"]
[EventType "team-tourn"]
[EventRounds "11"]
[EventCountry "CZE"]
[SourceTitle "EXT 2016"]
[Source "ChessBase"]
[SourceDate "2015.10.08"]
[SourceVersion "1"]
[SourceVersionDate "2015.10.08"]
[SourceQuality "1"]
[WhiteTeam "Orlova Slavia II"]
[BlackTeam "Havirov Banik"]
[WhiteTeamCountry "CZE"]
[BlackTeamCountry "CZE"]

1. e4 d6 2. d4 Nf6 3. Nc3 g6 4. f4 Bg7 5. Nf3 0-0 6. Bd3 Na6 7. 0-0 c5 8. d5 Bg4 9. Bc4 Nc7 10. a4 a6 11. a5 e6 12. h3 Bxf3 13. Qxf3 exd5 14. exd5 Rb8 15. Ne2 b5 16. axb6 Rxb6 17. c3 Qa8 18. Rd1 Nd7 19. Qd3 Re8 20. b3 Nb5 21. Bd2 Nf6 22. Ng3 Rbb8 23. Rf1 Qb7 24. f5 Nd7 25. Qc2 Ne5 26. Ne4 Qb6 27. Kh1 Nd7 28. Ng5 Nf6 29. Qd3 Re7 30. fxg6 hxg6 31. Qg3 Rbe8 32. Qh4 Nc7 33. Rxf6 Bxf6 34. Qh7+ Kf8 35. Rf1 Bg7 36. Qxg6 Kg8 37. Qh7+ Kf8 38. Qg6 Kg8 39. Rxf7 Rxf7 40. Qxf7+ Kh8 41. Bd3 Re5 42. Qh5+ Kg8 43. Bh7+ 1-0

[Event "CZE-chT2F 1213"]
[Site "Czech Republic"]
[Date "2012.10.14"]
[Round "1.52"]
[White "Zidek, Vaclav"]
[Black "Kicmer, Petr"]
[Result "1-0"]
[WhiteElo "2204"]
[BlackElo "2222"]
[PlyCount "121"]
[EventDate "2012.10.14"]
[EventType "team-tourn"]
[EventRounds "11"]
[EventCountry "CZE"]
[SourceTitle "EXT 2016"]
[Source "ChessBase"]
[SourceDate "2015.10.08"]
[SourceVersion "1"]
[SourceVersionDate "2015.10.08"]
[SourceQuality "1"]
[WhiteTeam "Poruba VOKD"]
[BlackTeam "Havirov Banik"]
[WhiteTeamCountry "CZE"]
[BlackTeamCountry "CZE"]

1. d4 d5 2. c4 c6 3. Nf3 Nf6 4. Nc3 e6 5. Bg5 Nbd7 6. cxd5 exd5 7. e3 Bd6 8. Bd3 h6 9. Bh4 0-0 10. Qc2 a5 11. Bg3 Qe7 12. Nh4 Nb8 13. Bf5 g5 14. Bxc8 gxh4 15. Bxd6 Qxd6 16. Bh3 Nbd7 17. g3 b5 18. 0-0-0 Rfe8 19. Kb1 a4 20. Bxd7 Qxd7 21. Rc1 c5 22. dxc5 b4 23. c6 Qxc6 24. Ne2 Qa6 25. Nf4 a3 26. b3 Qd6 27. Qc7 Qf8 28. Qc5 Qg7 29. Qxb4 Qh7+ 30. Ka1 Qf5 31. gxh4 Re4 32. Qc3 d4 33. Qc4 Ra7 34. Qc5 Qxc5 35. Rxc5 dxe3 36. fxe3 Rxe3 37. Rf5 Rae7 38. Kb1 Re1+ 39. Rxe1 Rxe1+ 40. Kc2 Kg7 41. b4 Re4 42. Kb3 Re3+ 43. Ka4 Ne4 44. Nd5 Rd3 45. Re5 Nd6 46. Ne3 Nc8 47. Nc4 Rc3 48. Rc5 Rxc4 49. Rxc4 Nb6+ 50. Kb3 Nxc4 51. Kxc4 Kf8 52. Kd5 Ke7 53. Ke5 f6+ 54. Kf5 h5 55. b5 Kd6 56. Kxf6 Kc5 57. Kg5 Kxb5 58. Kxh5 Kc4 59. Kg6 Kc3 60. h5 Kb2 61. h6 1-0

[Event "CZE-chT2F 1112"]
[Site "Czech Republic"]
[Date "2012.03.04"]
[Round "9.52"]
[White "Kicmer, Petr"]
[Black "Cernin, Radim"]
[Result "1/2-1/2"]
[WhiteElo "2225"]
[BlackElo "2269"]
[PlyCount "28"]
[EventDate "2011.10.09"]
[EventType "team-tourn"]
[EventRounds "11"]
[EventCountry "CZE"]
[SourceTitle "EXT 2013"]
[Source "ChessBase"]
[SourceDate "2012.11.22"]
[SourceVersion "1"]
[SourceVersionDate "2012.11.22"]
[SourceQuality "1"]
[WhiteTeam "Havirov"]
[BlackTeam "Opava KVS"]
[WhiteTeamCountry "CZE"]
[BlackTeamCountry "CZE"]

1. e4 c5 2. Nf3 g6 3. Nc3 Bg7 4. d4 cxd4 5. Nxd4 Nc6 6. Be3 Nf6 7. Bc4 0-0 8. f3 Qb6 9. Bb3 Nxe4 10. Nd5 Qa5+ 11. c3 Nc5 12. Nxc6 dxc6 13. Nxe7+ Kh8 14. Nxc8 Raxc8 1/2-1/2

[Event "CZE-chT2F 1112"]
[Site "Czech Republic"]
[Date "2012.01.22"]
[Round "6.43"]
[White "Kicmer, Petr"]
[Black "Zidek, Vaclav"]
[Result "1/2-1/2"]
[WhiteElo "2225"]
[BlackElo "2176"]
[PlyCount "37"]
[EventDate "2011.10.09"]
[EventType "team-tourn"]
[EventRounds "11"]
[EventCountry "CZE"]
[SourceTitle "EXT 2013"]
[Source "ChessBase"]
[SourceDate "2012.11.22"]
[SourceVersion "1"]
[SourceVersionDate "2012.11.22"]
[SourceQuality "1"]
[WhiteTeam "Havirov"]
[BlackTeam "Poruba VOKD"]
[WhiteTeamCountry "CZE"]
[BlackTeamCountry "CZE"]

1. Nf3 Nf6 2. c4 e6 3. Nc3 b6 4. e4 Bb7 5. Qe2 c5 6. g3 Nc6 7. Bg2 d6 8. 0-0 Be7 9. Rd1 e5 10. d3 Bc8 11. h3 Be6 12. a3 0-0 13. Bd2 Ne8 14. Nd5 Nc7 15. b4 Bd7 16. b5 Nd4 17. Nxd4 Nxd5 18. exd5 exd4 19. a4 1/2-1/2

[Event "CZE-chT2F 1112"]
[Site "Czech Republic"]
[Date "2011.10.09"]
[Round "1.2"]
[White "Kawulok, Marek"]
[Black "Kicmer, Petr"]
[Result "1/2-1/2"]
[WhiteElo "1986"]
[BlackElo "2225"]
[PlyCount "32"]
[EventDate "2011.10.09"]
[EventType "team-tourn"]
[EventRounds "11"]
[EventCountry "CZE"]
[SourceTitle "EXT 2013"]
[Source "ChessBase"]
[SourceDate "2012.11.22"]
[SourceVersion "1"]
[SourceVersionDate "2012.11.22"]
[SourceQuality "1"]
[WhiteTeam "Havirov II"]
[BlackTeam "Havirov"]
[WhiteTeamCountry "CZE"]
[BlackTeamCountry "CZE"]

1. e4 c6 2. d4 d5 3. exd5 cxd5 4. Bd3 Nc6 5. c3 Nf6 6. Bf4 Bg4 7. Qb3 Qc8 8. Nd2 g6 9. Ngf3 Bg7 10. h3 Be6 11. Ne5 Nxe5 12. Bxe5 0-0 13. 0-0-0 Bh6 14. Bxf6 exf6 15. Qc2 Qd7 16. h4 Kg7 1/2-1/2

[Event "CZE-chT2F 1011"]
[Site "Czech Republic"]
[Date "2011.03.06"]
[Round "9.1"]
[White "Dobrovolsky, Ladislav"]
[Black "Kicmer, Petr"]
[Result "1-0"]
[WhiteElo "2357"]
[BlackElo "2227"]
[PlyCount "89"]
[EventDate "2010.10.17"]
[EventType "team-tourn"]
[EventRounds "11"]
[EventCountry "CZE"]
[SourceTitle "EXT 2012"]
[Source "ChessBase"]
[SourceDate "2011.11.24"]
[SourceVersion "1"]
[SourceVersionDate "2011.11.24"]
[SourceQuality "1"]
[WhiteTeam "Senov"]
[BlackTeam "Havirov"]
[WhiteTeamCountry "CZE"]
[BlackTeamCountry "CZE"]

1. e4 e5 2. Nf3 Nc6 3. Bb5 Nf6 4. d3 Bc5 5. 0-0 d6 6. Nc3 h6 7. Be3 Bb6 8. a4 Bd7 9. Bxc6 Bxc6 10. a5 Bxe3 11. fxe3 0-0 12. Qe1 Re8 13. Qg3 Nh7 14. Rf2 Re6 15. Nh4 Qg5 16. Qxg5 hxg5 17. Nf5 a6 18. Nd5 Bxd5 19. exd5 Ree8 20. e4 Nf8 21. b4 Ng6 22. c4 Nf4 23. Rd2 g6 24. Ne3 Rf8 25. g3 Nh5 26. Rf2 Kg7 27. c5 Nf6 28. Raf1 Ne8 29. Rc1 f6 30. g4 Rh8 31. Kg2 Rh4 32. h3 Rd8 33. Rfc2 Kf7 34. c6 Rb8 35. Rb1 Ke7 36. b5 bxc6 37. dxc6 axb5 38. a6 Rh8 39. a7 Ra8 40. Ra2 d5 41. Rxb5 Ng7 42. Rxd5 Rhd8 43. Rxd8 Kxd8 44. Nd5 Ne6 45. Rb2 1-0

[Event "CZE-chT2F 1011"]
[Site "Czech Republic"]
[Date "2011.01.09"]
[Round "5.3"]
[White "Svancara, Petr"]
[Black "Kicmer, Petr"]
[Result "1/2-1/2"]
[WhiteElo "2161"]
[BlackElo "2227"]
[PlyCount "80"]
[EventDate "2010.10.17"]
[EventType "team-tourn"]
[EventRounds "11"]
[EventCountry "CZE"]
[SourceTitle "EXT 2012"]
[Source "ChessBase"]
[SourceDate "2011.11.24"]
[SourceVersion "1"]
[SourceVersionDate "2011.11.24"]
[SourceQuality "1"]
[WhiteTeam "Unicov"]
[BlackTeam "Havirov"]
[WhiteTeamCountry "CZE"]
[BlackTeamCountry "CZE"]

1. c4 Nf6 2. Nc3 e5 3. Nf3 Nc6 4. d3 d5 5. Bg5 d4 6. Nd5 Be7 7. Nxe7 Qxe7 8. g3 h6 9. Bd2 0-0 10. Bg2 e4 11. dxe4 Nxe4 12. 0-0 Bf5 13. b4 Rad8 14. b5 Ne5 15. Nxe5 Qxe5 16. Bf4 Qc5 17. Qb3 Nc3 18. Rfe1 Be6 19. e3 Qxc4 20. Qxc4 Bxc4 21. exd4 Ne2+ 22. Rxe2 Bxe2 23. a4 Rxd4 24. Bxb7 Rfd8 25. Kg2 Bc4 26. Be3 Bd5+ 27. Bxd5 R4xd5 28. Rc1 R5d7 29. Rc6 Ra8 30. Ra6 Rd6 31. Rxa7 Rxa7 32. Bxa7 Rd3 33. Bb8 Ra3 34. Bxc7 Rxa4 35. b6 Rb4 36. Kf3 f5 37. Ke3 Kf7 38. Kd3 Ke6 39. Kc3 Rb1 40. h4 g6 1/2-1/2

[Event "CZE-chT2F 1011"]
[Site "Czech Republic"]
[Date "2010.10.17"]
[Round "1.3"]
[White "Ockay, Tomas"]
[Black "Kicmer, Petr"]
[Result "0-1"]
[WhiteElo "2176"]
[BlackElo "2227"]
[PlyCount "72"]
[EventDate "2010.10.17"]
[EventType "team-tourn"]
[EventRounds "11"]
[EventCountry "CZE"]
[SourceTitle "EXT 2012"]
[Source "ChessBase"]
[SourceDate "2011.11.24"]
[SourceVersion "1"]
[SourceVersionDate "2011.11.24"]
[SourceQuality "1"]
[WhiteTeam "Poruba VOKD"]
[BlackTeam "Havirov"]
[WhiteTeamCountry "CZE"]
[BlackTeamCountry "CZE"]

1. Nf3 g6 2. d4 Bg7 3. g3 Nf6 4. Bg2 0-0 5. c4 d6 6. Nc3 Nc6 7. d5 Nb8 8. 0-0 a5 9. Bg5 Na6 10. Qd2 Bg4 11. Bh6 Qd7 12. Bxg7 Kxg7 13. Rfe1 e5 14. dxe6 Bxe6 15. Nd4 Nc5 16. Nxe6+ fxe6 17. f4 Rae8 18. e4 e5 19. f5 gxf5 20. Bh3 Qf7 21. Bxf5 Qxc4 22. Qg5+ Kh8 23. Qh4 Qf7 24. Red1 Qg7 25. Qh3 Rb8 26. Rab1 a4 27. b4 axb3 28. axb3 Ra8 29. b4 Na4 30. Nxa4 Rxa4 31. Rd3 Rfa8 32. g4 Ra1 33. Rdb3 d5 34. exd5 Nxd5 35. Qf3 c6 36. b5 Ne7 0-1

[Event "CZE-chT2f 0607"]
[Site "Czech Republic"]
[Date "2007.04.15"]
[Round "11.1"]
[White "Kicmer, Petr"]
[Black "Michenka, Jozef"]
[Result "0-1"]
[WhiteElo "2248"]
[BlackElo "2376"]
[PlyCount "176"]
[EventDate "2006.10.14"]
[EventType "team-tourn"]
[EventRounds "11"]
[EventCountry "CZE"]
[SourceTitle "EXT 2009"]
[Source "ChessBase"]
[SourceDate "2008.11.26"]
[SourceVersion "1"]
[SourceVersionDate "2008.11.26"]
[SourceQuality "1"]

1. e4 c5 2. Nf3 d6 3. d4 cxd4 4. Qxd4 Nc6 5. Bb5 Bd7 6. Bxc6 Bxc6 7. 0-0 Nf6 8. Re1 e6 9. c4 Be7 10. Nc3 0-0 11. Bg5 h6 12. Bh4 Qa5 13. Qd2 Qh5 14. Bg3 Rfd8 15. Nd4 Be8 16. b3 a6 17. a4 Rac8 18. f3 Nd7 19. Rab1 Ne5 20. Qe3 Bf6 21. Rbd1 Rc5 22. f4 Nc6 23. e5 dxe5 24. Nxe6 fxe6 25. Qxc5 exf4 26. Qxh5 Bxh5 27. Rxd8+ Nxd8 28. Ne4 fxg3 29. Nxg3 Bc3 30. Rc1 Bd2 31. Ra1 Bc3 32. Rc1 Bb2 33. Rc2 Bd4+ 34. Kf1 Bg6 35. Rd2 Nc6 36. Ne2 e5 37. b4 Be3 38. Rd7 Nd4 39. Nc3 Bd2 40. Nd5 Bd3+ 41. Kf2 Bxc4 42. Ne3 Bxe3+ 43. Kxe3 b5 44. a5 Nc6 45. Kd2 e4 46. Rc7 Nxb4 47. Ra7 Kh7 48. Ra8 Bd3 49. Ra7 Bf1 50. g3 Bc4 51. Ra8 Bd5 52. Rd8 Bb7 53. Rd7 Bc8 54. Rd8 Bh3 55. Rd6 Bf1 56. Kc3 Na2+ 57. Kb2 Bc4 58. Rxa6 e3 59. Ra8 Nb4 60. Re8 Nc6 61. a6 b4 62. Rxe3 Bxa6 63. Re6 Bb5 64. Rd6 Ba4 65. Re6 Kg8 66. Re4 Kf7 67. h4 h5 68. Rf4+ Ke6 69. g4 Bd1 70. gxh5 Bxh5 71. Rf2 Bf7 72. Rg2 Kf6 73. Rf2+ Ke7 74. Rg2 Kf8 75. Rg5 b3 76. Kc3 Ne7 77. h5 Ng8 78. Rf5 Nh6 79. Re5 Ng4 80. Rf5 Kg8 81. Kb2 Ne3 82. Rg5 Kh7 83. Rg3 Nd1+ 84. Kb1 b2 85. Rg5 Kh6 86. Rg1 Bxh5 87. Ka2 Bf7+ 88. Kb1 Bg6+ 0-1

[Event "CZE-chT2f 0607"]
[Site "Czech Republic"]
[Date "2007.02.25"]
[Round "8.1"]
[White "Zelenka, Milan"]
[Black "Kicmer, Petr"]
[Result "1/2-1/2"]
[WhiteElo "2166"]
[BlackElo "2248"]
[PlyCount "130"]
[EventDate "2006.10.14"]
[EventType "team-tourn"]
[EventRounds "11"]
[EventCountry "CZE"]
[SourceTitle "EXT 2009"]
[Source "ChessBase"]
[SourceDate "2008.11.26"]
[SourceVersion "1"]
[SourceVersionDate "2008.11.26"]
[SourceQuality "1"]

1. d4 Nf6 2. Nf3 c5 3. c3 e6 4. e3 d5 5. Bd3 Nc6 6. 0-0 Bd6 7. Nbd2 e5 8. e4 cxd4 9. cxd4 0-0 10. exd5 Nxd4 11. h3 Nxd5 12. Nxd4 exd4 13. Ne4 Nf4 14. Nxd6 Qxd6 15. Be4 f5 16. Bf3 Rb8 17. Re1 Ne6 18. Bd2 Nc5 19. Bc3 Ne6 20. a3 b6 21. Bb4 Nc5 22. Bc3 Bb7 23. Bxb7 Rxb7 24. Qxd4 Qxd4 25. Bxd4 Nd3 26. Re3 Nf4 27. Be5 Ng6 28. Bc3 Rd7 29. Rae1 f4 30. Re8 Rxe8 31. Rxe8+ Kf7 32. Re1 Nh4 33. Kf1 g5 34. Rc1 h5 35. Re1 Rd5 36. Re5 Rd1+ 37. Re1 Rxe1+ 38. Bxe1 f3 39. gxf3 Nxf3 40. Bc3 Ke6 41. Kg2 Nh4+ 42. Kg3 Ng6 43. Bd2 Kf5 44. Be3 h4+ 45. Kf3 Ne5+ 46. Kg2 g4 47. b3 Nf3 48. a4 Ne1+ 49. Kh2 Nc2 50. Bc1 Nd4 51. b4 Nf3+ 52. Kh1 gxh3 53. b5 Ke4 54. Be3 Ne5 55. Bg5 Nf3 56. Be3 Ne5 57. Bg5 Ng4 58. Bxh4 Kf3 59. Bg3 Nxf2+ 60. Kh2 Ne4 61. Bb8 Nc3 62. Kxh3 Nxa4 63. Bxa7 Ke4 64. Kg4 Kd5 65. Bxb6 Nxb6 1/2-1/2